000 00223nam a22001097a 4500
999 _c165328
_d165328
082 _a
_b
100 _aBachchan
245 _aDo chatanen/
_cby Bachchan.
260 _aNew Delhi:
_bRajpal,
_c
650 _a
942 _cBK